Statistics for World Capitals - Autonomous Countries and Territories

Click here to take the quiz!

General Stats

  • This quiz has been taken 751 times
    (632 since last reset)
  • The average score is 7 of 14

Answer Stats

Hint Answer % Correct
Greenland (Denmark)Nuuk or Godthab
84%
Puerto Rico (USA)San Juan
83%
Isle of ManDouglas
55%
Faroe Islands (Denmark)Torshavn
50%
Aruba (Netherlands)Oranjestad
49%
Curaçao (Netherlands)Willemstad
47%
New Caledonia (FRA)Nouméa
47%
Northern Mariana Island (USA)Saipan
42%
JerseySaint Helier
36%
Niue (New Zealand)Alofi
34%
Guernsey (UK)Saint Peter Port
34%
Norfolk Island (Australia)Kingston
32%
Cook Islands (New Zealand)Avarua
32%
Sint Maarten (Netherlands)Philipsburg
31%

Score Distribution

Percentile by Number Answered

Percent of People with Each Score

Your Score History

You have not taken this quiz since the last reset